| 000 | 00562nam a22001817a 4500 | ||
|---|---|---|---|
| 005 | 20250219122149.0 | ||
| 010 | _aENG-143875 | ||
| 020 |
_c699.00 _a9788119264049 |
||
| 035 | _aEN-127407 | ||
| 037 | _bDBAD | ||
| 082 |
_a883 _201 |
||
| 100 |
_aChawla Nisha _978045 |
||
| 245 |
_aUnchaining /Decolonizing The Mind _cBy Nisha Chawla _bThree Plays _hEnglish |
||
| 260 |
_aUttar Pardesh _bBook Street Publication _c2023 |
||
| 270 |
_bNodia _a2230, Express Trade Towers-2 _e201304 |
||
| 300 |
_a303Hd _c25cm |
||
| 942 |
_2ddc _cEN _h883 _mCHA _e01 |
||
| 999 |
_c209394 _d209394 |
||